Every Track DTM Has Raced At - Statistics

General Stats
  • This quiz has been taken 156 times
    151 since last reset
  • The average score is 22 of 29
Answer Stats
Year(s) Active Location Answer % Correct
2000-Present Rhineland-Palatinate, DEU Nurburgring
97%
2022 Emilia-Romagna, ITA Autodromo Internazoinale Enzo e Dino Ferrari
96%
2001-2018, 2021, 2023-Present North Holland, NLD Circuit Zandvoort
94%
2005, 2020, 2022 Stavelot, BEL Circuit de Spa-Francorchamps
92%
2001-2003, 2011-2018, 2021-Present Styria, AUT Red Bull Ring
92%
2021 Lombardy, ITA Autodromo Nazionale Monza
91%
2000-Present Baden-Wurttemberg, DEU Hockenheimring
87%
2004, 2010 Shanghai, CHN Shanghai Street Circuit
86%
2022 Algarve, PRT Autodromo Internacional do Algarve
85%
2006-2009 Catalonia, ESP Circuit de Barcelona-Catalunya
84%
2002, 2019-2020 Limburg, BEL Circuit Zolder
84%
2014, 2016-2018 Pest County, HUN Hungaroring
83%
2006-2013, 2018-2019 Kent, GBR Brands Hatch
82%
2005 Istanbul, TUR Istanbul Park
81%
2000-2001, 2004-2015, 2023-Present Oschersleben, DEU Motorsport Area Oschersleben
80%
2000-2019, 2021-Present Bavaria, DEU Norisring
80%
2007-2008 Tuscany, ITA Autodromo Internazionale del Mugello
75%
2004-2005 Brno, CZE Masaryk Circuit
75%
2013-2017 Moscow Oblast, RUS Moscow Raceway
74%
2000-2002, 2023-Present Hohenstein-Ernstthal, DEU Sachsenring
66%
2019-2021 Drenthe, NLD TT Circuit Assen
66%
2000-2002, 2004-2019, 2021-Present Brandenburg, DEU Dekra Lausitzring
62%
2002-2003 Derbyshire, GBR Donington Park
59%
2010-2012 Cheste, ESP Circuit de la Comunitat Valenciana Ricardo Tormo
58%
2018-2019 Emilia-Romagna, ITA Misano World Circuit Marco Simoncelli
58%
2004 Cascais, PRT Autodromo Fernanda Pires da Silva
56%
2009 Prenois, FRA Circuit de Dijon-Prenois
55%
2006, 2008 Pays de la Loire, FRA Bugatti Circuit
53%
2003, 2010 Veneto, ITA Adria International Raceway
30%
No matching quizzes found
Score Distribution
Percent of People with Each Score
Percentile by Number Answered
Your Score History
You have not taken this quiz since the last reset